Toma posesión el nuevo director del museo / por Estanis Vertí
Publicado:
San Jorge, núm. 85 (1r trimestre 1972), pàg 61 :
MARC
| LEADER | 00000nam a2200000Ia 4500 | ||
|---|---|---|---|
| 001 | |||
| 008 | 160829s9999 xx 000 0 cat d | ||
| 100 | |a Vertí, Estanis |9 40364 | ||
| 245 | |a Toma posesión el nuevo director del museo / por Estanis Vertí | ||
| 260 | |a San Jorge, núm. 85 (1r trimestre 1972), pàg 61 | ||
| 610 | 2 | 0 | |a Museu de Badalona |9 54991 |
| 650 | |a Cuyàs i Tolosa, Josep Ma |9 42392 | ||
| 901 | |a Arxiu | ||
| 942 | |n 1 | ||
| 952 | |0 0 |1 0 |4 0 |7 1 |9 50825 |a Arxiu |b Arxiu |d 2016-12-01 |l 0 |r 2016-12-01 00:00:00 |w 2016-12-01 |y ARXIU | ||
| 999 | |c 54667 |d 54667 | ||